تحميل...

UGC UNIVERSITY GRANT COMMISSION:NET/SET NATIONAL ELIGIBILITY STATE ELIGILIBILITY TEST FOR LECTURESHIP EXAM

التفاصيل البيبلوغرافية
المؤلف الرئيسي: SAJIT KUMAR AND M GAGAN
التنسيق: Printed Book
منشور في: DELHI DANIKA PUBLISHING COMPANY 2013
الطبعة:1
LEADER 00573nam a22001457a 4500
020 |a 81-89301-22-5 
082 |a 028.7 SAG/UG 
100 |a SAJIT KUMAR AND M GAGAN 
245 |a UGC UNIVERSITY GRANT COMMISSION:NET/SET NATIONAL ELIGIBILITY STATE ELIGILIBILITY TEST FOR LECTURESHIP EXAM 
250 |a 1 
260 |a DELHI  |b DANIKA PUBLISHING COMPANY  |c 2013 
300 |a 528 
942 |2 ddc  |c REF 
999 |c 177914  |d 177914 
952 |0 0  |1 0  |2 ddc  |4 0  |6 028_700000000000000_SAG_UG  |7 0  |8 NFIC  |9 182857  |a KAUCBV  |b KAUCBV  |c CHILD  |d 2017-09-22  |g 350.00  |o 028.7 SAG/UG  |p KAU_CCBM-15833  |r 2017-09-22  |w 2017-09-22  |y REF